[Event "Youth Classic 2019 - Youth Open U14"]
[Site "Bad Soden, Hasselgrundhalle"]
[Date "2019.10.05"]
[Round "6.25"]
[White "Tobias, Karolin"]
[Black "Sirohi, Varun"]
[Result "1-0"]
[WhiteElo "1261"]
[BlackElo "894"]
[PlyCount "55"]
[EventDate "2019.??.??"]
[WhiteTeam "SV Oberursel"]
[BlackTeam "Schachforum Darmstadt"]

1. e4 e5 2. Nf3 Nc6 3. Bc4 Bc5 4. d3 d6 5. Nc3 Bg4 6. h3 Bh5 7. g4 Bg6 8. Qe2
h5 9. g5 f6 10. Be3 Bxe3 11. Qxe3 a6 12. O-O-O Qd7 13. d4 exd4 14. Nxd4 O-O-O
15. Be6 Nxd4 16. Bxd7+ Rxd7 17. Qxd4 fxg5 18. Qa7 c6 19. Rhg1 Kc7 20. Rxg5 Be8
21. e5 d5 22. e6 Re7 23. Re1 g6 24. Qc5 b6 25. Qd4 Rhh7 26. Qe5+ Kc8 27. Na4 b5
28. Nc5 1-0

[Event "Youth Classic 2019 - Youth Open U14"]
[Site "Bad Soden, Hasselgrundhalle"]
[Date "2019.10.05"]
[Round "6.26"]
[White "Kramer, Theodor"]
[Black "Radutny, Alexej"]
[Result "0-1"]
[WhiteElo "862"]
[BlackElo "1023"]
[PlyCount "118"]
[EventDate "2019.??.??"]
[WhiteTeam "SC Bad Soden"]
[BlackTeam "SK Bad Homburg"]

1. e4 e6 2. Nc3 d5 3. d4 Bb4 4. f3 b6 5. a3 Bxc3+ 6. bxc3 Ne7 7. Bd3 Ba6 8. Ne2
O-O 9. O-O Bxd3 10. cxd3 Nd7 11. e5 c5 12. Be3 Nf5 13. Bf2 Qg5 14. Ng3 Ne3 15.
Bxe3 Qxe3+ 16. Rf2 cxd4 17. Qe2 Qxe2 18. Rxe2 dxc3 19. Rc1 Rac8 20. d4 a5 21.
Rec2 b5 22. Rxc3 Rxc3 23. Rxc3 Rb8 24. Ne2 b4 25. Rb3 bxa3 26. Rxa3 Ra8 27. Nc3
Nb6 28. Kf2 Nc4 29. Ra2 f6 30. f4 Kf7 31. Kf3 Kg6 32. g4 f5 33. Na4 Rb8 34.
gxf5+ Kxf5 35. Rg2 Rb3+ 36. Ke2 g6 37. Nc5 Ra3 38. Rg3 Ra2+ 39. Kd3 a4 40. Kc3
Ra3+ 41. Kb4 Rxg3 42. hxg3 a3 43. Nb3 Kg4 44. Kb5 Kxg3 45. Kc6 Kxf4 46. Kd7 Kf5
47. Ke7 h5 48. Kf7 h4 49. Nc1 g5 50. Ne2 a2 51. Nc3 a1=Q 52. Ne2 g4 53. Nf4
Nxe5+ 54. dxe5 Kxe5 55. Nxe6 Qf1+ 56. Nf4 Qxf4+ 57. Kg8 Kf6 58. Kh8 Qc7 59. Kg8
Qg7# 0-1

[Event "Youth Classic 2019 - Youth Open U14"]
[Site "Bad Soden, Hasselgrundhalle"]
[Date "2019.10.05"]
[Round "6.28"]
[White "Meinecke, Isabella"]
[Black "Püschel-Esparza, Mateo"]
[Result "1/2-1/2"]
[WhiteElo "800"]
[BlackElo "1085"]
[PlyCount "98"]
[EventDate "2019.??.??"]
[WhiteTeam "SV Turm Sankt Augustin"]
[BlackTeam "SC Landskrone"]

1. e4 c5 2. Nf3 Nc6 3. Nc3 g6 4. Be2 Bg7 5. O-O Nf6 6. d3 O-O 7. Bf4 e6 8. Bg5
Qc7 9. Qd2 d5 10. exd5 Nxd5 11. Nxd5 exd5 12. Bh6 Re8 13. Rfe1 Ne5 14. Bxg7
Kxg7 15. Nxe5 Rxe5 16. Bf3 Rxe1+ 17. Rxe1 Be6 18. g3 Bh3 19. Bxd5 Qd7 20. Bg2
Bxg2 21. Kxg2 Qd5+ 22. Kg1 Qxa2 23. Qc3+ Kg8 24. Re7 Qa4 25. Qc4 Qxc4 26. dxc4
b6 27. Kf1 a5 28. Ke2 Kf8 29. Rb7 Re8+ 30. Kd3 Rd8+ 31. Kc3 Rd6 32. Kb3 Rd2 33.
Rxb6 Rxf2 34. h4 Rf3+ 35. Ka4 Rxg3 36. Kxa5 Rg2 37. c3 Rg4 38. Kb5 f5 39. Kxc5
Rxh4 40. Rb8+ Ke7 41. b4 f4 42. Ra8 Rh3 43. b5 Kd7 44. Ra7+ Kc8 45. b6 f3 46.
Kc6 Kd8 47. Rc7 Rh6 48. Ra7 g5+ 49. Kb5 Kc8 1/2-1/2

[Event "Youth Classic 2019 - Youth Open U14"]
[Site "Bad Soden, Hasselgrundhalle"]
[Date "2019.10.05"]
[Round "6.29"]
[White "Wagner, Maribel"]
[Black "Munteanu, Rares"]
[Result "1-0"]
[WhiteElo "760"]
[BlackElo "871"]
[PlyCount "53"]
[EventDate "2019.??.??"]
[WhiteTeam "SC Bad Soden"]
[BlackTeam "SK Bickenbach"]

1. e4 c5 2. Bb5 Nf6 3. Nc3 a6 4. Ba4 g6 5. d3 Bg7 6. Nf3 O-O 7. O-O e6 8. e5
Ng4 9. Bg5 Qb6 10. Qe2 Qxb2 11. Ne4 Nxe5 12. Nh4 h6 13. Bf6 g5 14. Qh5 gxh4 15.
Qxh4 Bxf6 16. Qxf6 d5 17. Ng3 Nf3+ 18. Qxf3 Qa3 19. Qg4+ Kh8 20. Nh5 Rg8 21.
Qf4 f5 22. Qe5+ Kh7 23. Nf6+ Kh8 24. Nh5+ Kh7 25. Qc7+ Kh8 26. Nf6 Rg7 27. Qd8+
1-0

[Event "Youth Classic 2019 - Youth Open U14"]
[Site "Bad Soden, Hasselgrundhalle"]
[Date "2019.10.05"]
[Round "6.32"]
[White "Müller, Mirelle-Fabienne"]
[Black "Fischer, Frederik"]
[Result "0-1"]
[WhiteElo "870"]
[BlackElo "878"]
[PlyCount "90"]
[EventDate "2019.??.??"]
[WhiteTeam "SC Landskrone"]
[BlackTeam "SV Oberursel"]

1. e4 e5 2. Nf3 Nc6 3. Bc4 Bc5 4. d3 d6 5. Nc3 Qe7 6. Nd5 Qd8 7. Bg5 f6 8. Be3
Bxe3 9. fxe3 Nge7 10. d4 Bg4 11. h3 Bh5 12. g4 Bg6 13. h4 Bxe4 14. Nxe7 Nxe7
15. g5 Nd5 16. Bxd5 Bxd5 17. Rh2 Qe7 18. Qe2 e4 19. Nd2 O-O-O 20. O-O-O Bxa2
21. Qb5 Be6 22. Nc4 Bxc4 23. Qxc4 fxg5 24. Kd2 gxh4 25. Ra1 a6 26. Ra3 d5 27.
Qc3 g5 28. Rb3 c6 29. Qc5 Qxc5 30. dxc5 Rhg8 31. Rb6 Kc7 32. Rf2 Rg7 33. b4 g4
34. b5 axb5 35. c4 dxc4+ 36. Ke1 c3 37. Kf1 Rd2 38. Ke1 Rxf2 39. Kxf2 c2 40.
Ke2 c1=Q 41. Kf2 Qc2+ 42. Ke1 h3 43. Kf1 Qg2+ 44. Ke1 h2 45. Kd1 h1=R# 0-1

[Event "Youth Classic 2019 - Youth Open U14"]
[Site "Bad Soden, Hasselgrundhalle"]
[Date "2019.10.05"]
[Round "7.1"]
[White "Klugstedt, Vincent C."]
[Black "Müller, Maurice-Pascal"]
[Result "1/2-1/2"]
[WhiteElo "1865"]
[BlackElo "1683"]
[PlyCount "59"]
[EventDate "2019.??.??"]
[WhiteTeam "SG Bochum"]
[BlackTeam "SC Landskrone"]

1. d4 Nf6 2. c4 g6 3. Nc3 Bg7 4. e4 d6 5. f3 O-O 6. Be3 e5 7. Nge2 Nc6 8. d5
Ne7 9. Qd2 Ne8 10. g4 c6 11. Bh6 Nf5 12. Bg5 f6 13. Be3 Nxe3 14. Qxe3 c5 15. h4
f5 16. g5 fxe4 17. fxe4 Bg4 18. Qg3 Bh5 19. Bg2 Nc7 20. Kd2 a6 21. a4 Qd7 22.
a5 Rab8 23. Na4 Qg4 24. Qxg4 Bxg4 25. Rhf1 Bxe2 26. Kxe2 Rf4 27. Rxf4 exf4 28.
Rf1 Be5 29. Bh3 Na8 30. Nb6 1/2-1/2

[Event "Youth Classic 2019 - Youth Open U14"]
[Site "Bad Soden, Hasselgrundhalle"]
[Date "2019.10.05"]
[Round "7.2"]
[White "Lehmann, Nils"]
[Black "Colditz, Elias"]
[Result "1/2-1/2"]
[WhiteElo "1629"]
[BlackElo "1676"]
[PlyCount "60"]
[EventDate "2019.??.??"]
[WhiteTeam "SV Lahn Limburg"]
[BlackTeam "SV Multatuli Ingelheim e.V."]

1. e4 c5 2. Nf3 a6 3. d4 cxd4 4. Nxd4 Nf6 5. Nc3 e5 6. Nb3 Nc6 7. Be3 Bb4 8. f3
O-O 9. Be2 d6 10. O-O Be6 11. Nd5 Bxd5 12. exd5 Ne7 13. c4 Nf5 14. Bf2 Qc7 15.
a3 Bc5 16. Nxc5 dxc5 17. Bd3 Nd4 18. Re1 Rfe8 19. Be4 Nxe4 20. fxe4 Qd6 21.
Bxd4 exd4 22. Qf3 Re5 23. Rf1 f6 24. Qg4 Rae8 25. Rae1 Qb6 26. Rf2 Qd6 27. Rff1
Qe7 28. Rf4 Rg5 29. Qf3 Qe5 30. g3 d3 1/2-1/2

[Event "Youth Classic 2019 - Youth Open U14"]
[Site "Bad Soden, Hasselgrundhalle"]
[Date "2019.10.05"]
[Round "7.3"]
[White "Lorenz, Alexander"]
[Black "Burkart, Lloyd Shang"]
[Result "1-0"]
[WhiteElo "1759"]
[BlackElo "1399"]
[PlyCount "81"]
[EventDate "2019.??.??"]
[WhiteTeam "SV Bergwinkel"]
[BlackTeam "TuS Makkabi"]

1. e4 c5 2. Nf3 e6 3. d4 cxd4 4. Nxd4 Nf6 5. Nc3 d6 6. Bd3 a6 7. O-O Nbd7 8.
Kh1 b5 9. f4 Bb7 10. a3 Be7 11. Qe1 O-O 12. Qg3 Rc8 13. f5 e5 14. Nf3 Nc5 15.
Bh6 Nh5 16. Qg4 Kh8 17. Qxh5 gxh6 18. Qxh6 Rg8 19. Ne1 Bg5 20. Qh5 Rg7 21. Nf3
Be3 22. Rae1 Bg5 23. Nxg5 Rxg5 24. Qh4 Qg8 25. Re2 Qg7 26. Nd5 Bxd5 27. exd5
Rg4 28. Qh3 Rd4 29. f6 Qg8 30. Bxh7 Qxh7 31. Qxc8+ Qg8 32. Qf5 Rh4 33. Re3 Rh7
34. Rff3 Nd7 35. Qxd7 a5 36. Qxd6 b4 37. Qxe5 bxa3 38. Qe8 Rh6 39. Rg3 Rg6 40.
Rh3+ Rh6 41. Rxh6# 1-0

[Event "Youth Classic 2019 - Youth Open U14"]
[Site "Bad Soden, Hasselgrundhalle"]
[Date "2019.10.05"]
[Round "7.4"]
[White "Eull, Emil"]
[Black "Weyerer, Noah"]
[Result "1-0"]
[WhiteElo "1504"]
[BlackElo "1362"]
[PlyCount "37"]
[EventDate "2019.??.??"]
[WhiteTeam "SF Neuberg"]
[BlackTeam "SV Oberursel"]

1. e4 e6 2. d4 d5 3. Nc3 Bb4 4. e5 Ne7 5. Qg4 O-O 6. Nf3 Bxc3+ 7. bxc3 c5 8.
Bd3 Nf5 9. Bg5 Qa5 10. O-O Kh8 11. Qh5 Nd7 12. g4 g6 13. Qh3 Ng7 14. Be7 Kg8
15. Qh6 Re8 16. Ng5 Nf8 17. Bf6 Nf5 18. gxf5 Rb8 19. Qg7# 1-0

[Event "Youth Classic 2019 - Youth Open U14"]
[Site "Bad Soden, Hasselgrundhalle"]
[Date "2019.10.05"]
[Round "7.5"]
[White "Negru, Maximilian"]
[Black "Markosyan, Aleksandr"]
[Result "0-1"]
[WhiteElo "1326"]
[BlackElo "1759"]
[PlyCount "76"]
[EventDate "2019.??.??"]
[WhiteTeam "SK Bad Homburg"]
[BlackTeam "SG Idstein"]

1. e4 c5 2. Nf3 g6 3. Bc4 Nc6 4. Nc3 Bg7 5. d3 e6 6. O-O Nge7 7. Be3 d5 8. exd5
exd5 9. Bb5 d4 10. Bg5 dxc3 11. bxc3 Bxc3 12. Rb1 O-O 13. Rb3 Bg7 14. Re1 Be6
15. Rb1 Qc7 16. Qd2 a6 17. Bxc6 Nxc6 18. Bh6 Bxa2 19. Rbc1 Bd5 20. Bf4 Qd7 21.
Qe3 Bd4 22. Nxd4 Nxd4 23. Be5 Qg4 24. f3 Nxf3+ 25. Kh1 Nxe1 26. Qf2 Nxg2 27.
Bg3 Qh3 28. c4 Bc6 29. Kg1 Rfe8 30. Qd2 Nh4 31. Qc2 Nf3+ 32. Kf2 Nd4 33. Kg1
Nxc2 34. Rxc2 Re3 35. Rd2 Rae8 36. Rc2 Rxg3+ 37. hxg3 Qxg3+ 38. Kf1 Re1# 0-1

[Event "Youth Classic 2019 - Youth Open U14"]
[Site "Bad Soden, Hasselgrundhalle"]
[Date "2019.10.05"]
[Round "7.6"]
[White "Hery, Bastian"]
[Black "Nedilko, Marko"]
[Result "1-0"]
[WhiteElo "1425"]
[BlackElo "1407"]
[PlyCount "57"]
[EventDate "2019.??.??"]
[WhiteTeam "Vorw.Orient Mainz"]
[BlackTeam "SC ML Kastellaun"]

1. e4 g6 2. d4 Bg7 3. Nf3 d6 4. Bc4 Nf6 5. e5 dxe5 6. dxe5 Qxd1+ 7. Kxd1 Ng4 8.
Ke2 Nxe5 9. Nxe5 Bxe5 10. Nc3 Nc6 11. f4 Bg4+ 12. Kf2 Bxc3 13. bxc3 O-O 14. h3
Bf5 15. Rb1 Rab8 16. Rb2 a6 17. g4 Be4 18. Re1 b5 19. Bb3 b4 20. cxb4 Rxb4 21.
c3 Rb6 22. Rxe4 Kh8 23. Bd5 f5 24. Rxb6 cxb6 25. Re6 Nd8 26. Rxe7 fxg4 27. hxg4
g5 28. f5 h5 29. Bb2 1-0

[Event "Youth Classic 2019 - Youth Open U14"]
[Site "Bad Soden, Hasselgrundhalle"]
[Date "2019.10.05"]
[Round "7.7"]
[White "Alt, Johannes"]
[Black "Welker, Alexandra"]
[Result "1/2-1/2"]
[WhiteElo "1200"]
[BlackElo "1441"]
[PlyCount "49"]
[EventDate "2019.??.??"]
[WhiteTeam "SF Heidesheim"]
[BlackTeam "TuS Makkabi"]

1. d4 d5 2. c4 c6 3. e3 Bf5 4. Nf3 Nf6 5. Nc3 e6 6. Be2 c5 7. O-O Nc6 8. b3
cxd4 9. Nxd4 Nxd4 10. Qxd4 Bd6 11. cxd5 exd5 12. Nxd5 Bxh2+ 13. Kxh2 Qxd5 14.
Qxd5 Nxd5 15. Bf3 Be6 16. Ba3 O-O-O 17. Rac1+ Kb8 18. Rfd1 Rd7 19. Bxd5 Rxd5
20. Rxd5 Bxd5 21. Bd6+ Ka8 22. Rc7 a6 23. Be5 Rg8 24. Bd4 f6 25. Rd7 1/2-1/2

[Event "Youth Classic 2019 - Youth Open U14"]
[Site "Bad Soden, Hasselgrundhalle"]
[Date "2019.10.05"]
[Round "7.8"]
[White "Schmid, Leon"]
[Black "Middendorf, Sven-Jonas"]
[Result "1/2-1/2"]
[WhiteElo "1546"]
[BlackElo "1382"]
[PlyCount "55"]
[EventDate "2019.??.??"]
[WhiteTeam "SF Heidesheim"]
[BlackTeam "SV Hellas Nauen"]

1. d4 Nf6 2. Bf4 d5 3. e3 e6 4. Nf3 Nc6 5. c4 Bb4+ 6. Nbd2 O-O 7. a3 Bd6 8.
Bxd6 cxd6 9. Be2 e5 10. cxd5 Nxd5 11. dxe5 dxe5 12. Nc4 f6 13. h3 Nde7 14. O-O
Be6 15. Qd2 Qxd2 16. Ncxd2 Rac8 17. Rac1 Rfd8 18. Rc3 f5 19. e4 Nd4 20. Nxd4
Rxd4 21. Rxc8+ Nxc8 22. Nf3 Rxe4 23. Bd3 Ra4 24. Nxe5 Ra5 25. Re1 Rd5 26. Bc4
Rd6 27. Bxe6+ Rxe6 28. Rd1 1/2-1/2

[Event "Youth Classic 2019 - Youth Open U14"]
[Site "Bad Soden, Hasselgrundhalle"]
[Date "2019.10.05"]
[Round "7.9"]
[White "Haller, Christian"]
[Black "Goetz, Fenja"]
[Result "0-1"]
[WhiteElo "1325"]
[BlackElo "1490"]
[PlyCount "68"]
[EventDate "2019.??.??"]
[WhiteTeam "SC Bad Soden"]
[BlackTeam "SK Bad Homburg"]

1. e4 c5 2. Nf3 Nc6 3. d4 cxd4 4. Nxd4 g6 5. Nc3 Bg7 6. Be3 Nf6 7. Bc4 O-O 8.
Bb3 d6 9. O-O Ng4 10. Nxc6 bxc6 11. Qd2 Nxe3 12. Qxe3 Qc7 13. Rad1 Rb8 14. a3
Qa5 15. Na4 Bd7 16. Rd3 c5 17. Nc3 Bb5 18. Nxb5 Qxb5 19. Qe2 e6 20. c4 Qc6 21.
Rfd1 Be5 22. g3 Rb6 23. f4 Bd4+ 24. Kf1 Rfb8 25. Qf3 Qb7 26. Ba4 Rxb2 27. R3d2
Rxd2 28. Rxd2 Qb1+ 29. Rd1 Qa2 30. h4 Qxc4+ 31. Kg2 Qxa4 32. Rh1 Qc2+ 33. Kh3
Rb2 34. Kg4 Qe2 0-1

[Event "Youth Classic 2019 - Youth Open U14"]
[Site "Bad Soden, Hasselgrundhalle"]
[Date "2019.10.05"]
[Round "7.10"]
[White "Strauß, Florian"]
[Black "Gold, Jan Christian"]
[Result "0-1"]
[WhiteElo "1127"]
[BlackElo "1430"]
[PlyCount "36"]
[EventDate "2019.??.??"]
[WhiteTeam "SV Multatuli Ingelheim e.V."]
[BlackTeam "Hamburger SK"]

1. e4 e6 2. d4 d5 3. exd5 exd5 4. c4 Nf6 5. Bg5 Bb4+ 6. Nc3 O-O 7. Nf3 Nbd7 8.
cxd5 Re8+ 9. Be2 Qe7 10. a3 Bxc3+ 11. bxc3 h6 12. Bh4 g5 13. d6 cxd6 14. Bg3
Nb6 15. Ra2 Nbd5 16. Rc2 Ne4 17. c4 Ndc3 18. Qd3 Bf5 0-1

[Event "Youth Classic 2019 - Youth Open U14"]
[Site "Bad Soden, Hasselgrundhalle"]
[Date "2019.10.05"]
[Round "7.11"]
[White "Papadopoulos, Leon"]
[Black "Atar, Efecan"]
[Result "0-1"]
[WhiteElo "1388"]
[BlackElo "1417"]
[PlyCount "142"]
[EventDate "2019.??.??"]
[WhiteTeam "SV Oberursel"]
[BlackTeam "SK Kerpen"]

1. e4 e5 2. Nf3 Nc6 3. Bc4 Nf6 4. Nc3 Bc5 5. d3 O-O 6. Bg5 Be7 7. Qd2 d6 8.
O-O-O Be6 9. Bxe6 fxe6 10. h4 d5 11. Qe2 Qd6 12. Bxf6 Bxf6 13. g4 a5 14. g5 Be7
15. h5 Nd4 16. Nxd4 Bxg5+ 17. Kb1 exd4 18. Nb5 Qb6 19. a4 Be7 20. Qg4 Rae8 21.
Rhg1 Rf7 22. e5 c6 23. Nd6 Bxd6 24. exd6 Qc5 25. d7 Rxd7 26. Rde1 Qd6 27. f4
Rf7 28. f5 e5 29. Re2 Qf6 30. Rf2 e4 31. Rfg2 e3 32. Kc1 Ree7 33. Qg3 Qxf5 34.
Qb8+ Rf8 35. Qg3 Qf1+ 36. Qe1 Qxe1+ 37. Rxe1 Rf2 38. Rgg1 e2 39. Kd2 Kf7 40.
Kc1 Kf6 41. Kd2 Kf5 42. Kc1 Kf4 43. Kd2 b5 44. axb5 cxb5 45. Rh1 b4 46. Rh4+
Kg5 47. Rxd4 Re5 48. Rg1+ Kxh5 49. Ke1 Rf1+ 50. Rxf1 exf1=Q+ 51. Kxf1 g5 52. c4
a4 53. cxd5 a3 54. bxa3 bxa3 55. Ra4 a2 56. Rxa2 Rxd5 57. Rd2 g4 58. Kg2 Kg5
59. d4 h5 60. Rd3 h4 61. Kh2 Kf4 62. Rd1 Ke4 63. Rg1 Kf3 64. Rd1 Ke2 65. Rg1
g3+ 66. Kh3 Rxd4 67. Rg2+ Kf1 68. Rg1+ Ke2 69. Rg2+ Kf3 70. Rg1 Rd2 71. Rg2
Rxg2 0-1

[Event "Youth Classic 2019 - Youth Open U14"]
[Site "Bad Soden, Hasselgrundhalle"]
[Date "2019.10.05"]
[Round "7.12"]
[White "Trenz, Finn"]
[Black "Dittenberger, Nico"]
[Result "0-1"]
[WhiteElo "1471"]
[BlackElo "1295"]
[PlyCount "94"]
[EventDate "2019.??.??"]
[WhiteTeam "SK Gau-Algesheim"]
[BlackTeam "SC Landskrone"]

1. e4 e5 2. Nf3 Nc6 3. Bc4 Bc5 4. Nc3 Nf6 5. d3 O-O 6. Bg5 h6 7. Bh4 d6 8. Nd5
Bg4 9. Nxf6+ gxf6 10. Qd2 Kh7 11. h3 Bxf3 12. gxf3 Nd4 13. Qd1 b5 14. Bb3 Nxb3
15. axb3 c6 16. Qd2 d5 17. O-O-O a5 18. f4 Be7 19. fxe5 fxe5 20. Bxe7 Qxe7 21.
f4 a4 22. Qf2 axb3 23. cxb3 Ra1+ 24. Kc2 Rxd1 25. Rxd1 f5 26. Ra1 Rf7 27. exf5
exf4 28. Qxf4 Qc5+ 29. Kd2 d4 30. Rf1 Qb4+ 31. Kc2 Qc5+ 32. Kb1 Qb4 33. f6 Qxb3
34. Qe4+ Kh8 35. Qe8+ Kh7 36. Qe4+ Kg8 37. Qg6+ Kf8 38. Qxh6+ Ke8 39. Qd2 Ra7
40. Qe2+ Kf8 41. Re1 Qa2+ 42. Kc2 Qa4+ 43. Kc1 Qa1+ 44. Kc2 Qa4+ 45. b3 Qa2+
46. Kc1 Qa1+ 47. Kc2 Ra2# 0-1

[Event "Youth Classic 2019 - Youth Open U14"]
[Site "Bad Soden, Hasselgrundhalle"]
[Date "2019.10.05"]
[Round "7.13"]
[White "Riemann, Adrian"]
[Black "Fischer, Juliane"]
[Result "1-0"]
[WhiteElo "1105"]
[BlackElo "1405"]
[PlyCount "61"]
[EventDate "2019.??.??"]
[WhiteTeam "SK Bickenbach"]
[BlackTeam "SK Gernsheim"]

1. d4 d5 2. c3 Nf6 3. e3 Bf5 4. f4 e6 5. Bd3 Bg4 6. Nf3 c5 7. O-O Nc6 8. Qe1
Qc7 9. Ne5 O-O-O 10. Nd2 Bh5 11. Ndf3 Bd6 12. Bd2 c4 13. Bc2 Ng4 14. Nxg4 Bxg4
15. Ne5 Bh5 16. b3 f6 17. Nxc6 Qxc6 18. b4 Rhf8 19. a4 a6 20. Qb1 e5 21. Bxh7
e4 22. b5 Qb6 23. bxa6 Qxa6 24. Bf5+ Kb8 25. Qb5 Qxb5 26. axb5 Be2 27. Rfb1 Bd3
28. Rb2 b6 29. Rba2 Rf7 30. Ra8+ Kc7 31. R1a7# 1-0

[Event "Youth Classic 2019 - Youth Open U14"]
[Site "Bad Soden, Hasselgrundhalle"]
[Date "2019.10.05"]
[Round "7.14"]
[White "Akhmatovski, Maxim"]
[Black "Li, Toplink"]
[Result "1-0"]
[WhiteElo "1359"]
[BlackElo "987"]
[PlyCount "59"]
[EventDate "2019.??.??"]
[WhiteTeam "SV Oberursel"]
[BlackTeam "Frankfurter TV"]

1. d4 d5 2. c4 c6 3. Nc3 Nf6 4. Nf3 dxc4 5. e3 b5 6. a4 b4 7. Na2 e6 8. Bxc4 c5
9. Bd2 Bd7 10. dxc5 Ne4 11. Bxb4 Nc6 12. O-O Nxb4 13. Nxb4 Nxc5 14. Ne5 Qb6 15.
Nbd3 Bd6 16. Nxc5 Qxc5 17. Qf3 Bxe5 18. Qxa8+ Bc8 19. Bb5+ Ke7 20. Rac1 Qd6 21.
Rxc8 Rxc8 22. Qxc8 Bxb2 23. Qb7+ Kf6 24. Be8 Kg5 25. Qxb2 a6 26. Qxg7+ Kf5 27.
Qxf7+ Ke4 28. Qxh7+ Ke5 29. f4+ Kf6 30. Qf7# 1-0

[Event "Youth Classic 2019 - Youth Open U14"]
[Site "Bad Soden, Hasselgrundhalle"]
[Date "2019.10.05"]
[Round "7.15"]
[White "Haller, Andreas"]
[Black "Miranda Martin, Pablo Mateo"]
[Result "0-1"]
[WhiteElo "1087"]
[BlackElo "1606"]
[PlyCount "64"]
[EventDate "2019.??.??"]
[WhiteTeam "SC Bad Soden"]
[BlackTeam "SK Gau-Algesheim"]

1. e4 c5 2. Nf3 Nc6 3. d4 cxd4 4. Nxd4 Nf6 5. Nc3 d6 6. Bg5 Qb6 7. Nf3 Bg4 8.
Be2 h6 9. Be3 Qd8 10. O-O e6 11. Re1 Be7 12. Nd4 Bxe2 13. Rxe2 O-O 14. Qd2 Ng4
15. h3 Nxe3 16. Rxe3 Bg5 17. Rae1 Bxe3 18. Rxe3 Nxd4 19. Qxd4 e5 20. Qd2 Re8
21. Rg3 Re6 22. Nd5 Rg6 23. Rc3 Rb8 24. f4 exf4 25. Qxf4 Qg5 26. Qf1 Re6 27.
Rc7 Rxe4 28. Qxf7+ Kh8 29. Ne7 Re1+ 30. Kh2 Qe5+ 31. g3 Qe2+ 32. Qf2 Qxf2# 0-1

[Event "Youth Classic 2019 - Youth Open U14"]
[Site "Bad Soden, Hasselgrundhalle"]
[Date "2019.10.05"]
[Round "7.16"]
[White "Rodermel, Leonie"]
[Black "Yakubjanov, Damin"]
[Result "0-1"]
[WhiteElo "1066"]
[BlackElo "1259"]
[PlyCount "80"]
[EventDate "2019.??.??"]
[WhiteTeam "SV Oberursel"]
[BlackTeam "Schachakademie Trier"]

1. e4 e5 2. Nf3 Nc6 3. Nc3 Nf6 4. Bb5 Bc5 5. O-O d6 6. d4 exd4 7. Nxd4 Bxd4 8.
Qxd4 Bd7 9. Bxc6 Bxc6 10. Bg5 h6 11. Bh4 Qe7 12. Rfe1 O-O-O 13. Qxa7 Rhe8 14.
f4 g5 15. Nd5 Bxd5 16. exd5 Ne4 17. fxg5 hxg5 18. Qa8+ Kd7 19. Qa4+ Kc8 20.
Qa8+ Kd7 21. Qa4+ Kc8 22. Bxg5 Qxg5 23. Rxe4 Rg8 24. Qa8+ Kd7 25. Qa4+ Kc8 26.
g3 f5 27. Qa8+ Kd7 28. Qa4+ Kc8 29. Rf4 Rde8 30. Qa8+ Kd7 31. Qxb7 Qxf4 32.
Qc6+ Kd8 33. Qa8+ Kd7 34. Qc6+ Kd8 35. Qa8+ Ke7 36. Re1+ Kf7 37. Rxe8 Rxe8 38.
Qa5 Qc1+ 39. Kg2 Re2+ 40. Kh3 Qh6# 0-1

[Event "Youth Classic 2019 - Youth Open U14"]
[Site "Bad Soden, Hasselgrundhalle"]
[Date "2019.10.05"]
[Round "7.17"]
[White "Jiang, Philipp"]
[Black "Kanno, Clara Yumi"]
[Result "0-1"]
[WhiteElo "915"]
[BlackElo "1142"]
[PlyCount "52"]
[EventDate "2019.??.??"]
[WhiteTeam "SV Frankfurt Nord"]
[BlackTeam "SK Altenkirchen"]

1. e4 c5 2. Nf3 d6 3. d4 cxd4 4. Nxd4 Nf6 5. Nc3 a6 6. Bg5 e6 7. Qd2 Be7 8.
O-O-O O-O 9. f3 Qc7 10. h4 b5 11. h5 h6 12. a3 hxg5 13. h6 Nh7 14. Bd3 g6 15.
f4 gxf4 16. Qxf4 Bg5 17. Qxg5 Nxg5 18. Rh2 f5 19. Rdh1 Rf7 20. exf5 exf5 21.
Nd5 Qd8 22. c4 Bb7 23. Nf4 Kh7 24. Nfe6 Nxe6 25. Nxe6 Qe7 26. Nf4 Qe3+ 0-1

[Event "Youth Classic 2019 - Youth Open U14"]
[Site "Bad Soden, Hasselgrundhalle"]
[Date "2019.10.05"]
[Round "7.18"]
[White "Stiehl, Richard"]
[Black "Sauer, Daniel"]
[Result "1-0"]
[WhiteElo "1243"]
[BlackElo "1133"]
[PlyCount "109"]
[EventDate "2019.??.??"]
[WhiteTeam "SV Multatuli Ingelheim e.V."]
[BlackTeam "Post  Schw. Hall"]

1. e4 e5 2. Nf3 Nc6 3. Bc4 Bc5 4. d3 d6 5. h3 h6 6. Nc3 Nf6 7. Be3 Bb6 8. O-O
O-O 9. Qc1 Bxe3 10. fxe3 a6 11. Qd1 Na5 12. Bb3 Nxb3 13. axb3 c6 14. d4 Qe7 15.
Qe2 b5 16. Nd1 Nxe4 17. Nf2 exd4 18. exd4 d5 19. c4 Re8 20. Rfe1 Bf5 21. Nd2
Ra7 22. Nfxe4 Bxe4 23. Nxe4 Qh4 24. Nf6+ Qxf6 25. Qxe8+ Kh7 26. Qe5 Qh4 27.
Qf5+ g6 28. Qf2 Qg5 29. cxb5 cxb5 30. Re5 f5 31. Rxd5 Qf6 32. Rxb5 Qf7 33. d5
Rb7 34. Rxb7 Qxb7 35. Qf3 Qb6+ 36. Kh1 Qd6 37. Qd3 Qe5 38. Qc3 Qxd5 39. Rxa6
Qd1+ 40. Kh2 Qd7 41. Qc5 h5 42. Ra7 Qxa7 43. Qxa7+ Kh6 44. Qe3+ g5 45. Qe6+ Kg7
46. b4 g4 47. b5 gxh3 48. gxh3 f4 49. Kg2 h4 50. b6 f3+ 51. Kxf3 Kh7 52. b7 Kh8
53. b8=R+ Kh7 54. Rb7+ Kh8 55. Qe8# 1-0

[Event "Youth Classic 2019 - Youth Open U14"]
[Site "Bad Soden, Hasselgrundhalle"]
[Date "2019.10.05"]
[Round "7.19"]
[White "Melchior, Christopher"]
[Black "Chen, Marvin"]
[Result "1-0"]
[WhiteElo "1229"]
[BlackElo "914"]
[PlyCount "61"]
[EventDate "2019.??.??"]
[WhiteTeam "SK Gernsheim"]
[BlackTeam "SC Bad Soden"]

1. d4 d5 2. c4 c6 3. Nc3 Nf6 4. Bg5 Nbd7 5. Nf3 e6 6. e3 Bd6 7. c5 Be7 8. Bd3
O-O 9. O-O h6 10. Bf4 b6 11. b4 a5 12. a3 Ba6 13. Ne5 Bxd3 14. Nxc6 Qe8 15.
Qxd3 axb4 16. axb4 Rc8 17. Nxe7+ Qxe7 18. Bd6 Qd8 19. Bxf8 Qxf8 20. Rfc1 Qe8
21. Ra6 Qd8 22. Na4 Rc6 23. Qb5 Qc7 24. Nxb6 Nxb6 25. Rxb6 Ng4 26. g3 Rxb6 27.
Qxb6 Qc8 28. c6 Nf6 29. Qb7 Qxb7 30. cxb7 Nd7 31. Rc7 1-0

[Event "Youth Classic 2019 - Youth Open U14"]
[Site "Bad Soden, Hasselgrundhalle"]
[Date "2019.10.05"]
[Round "7.22"]
[White "Tobias, Karolin"]
[Black "Özyar, Arin"]
[Result "0-1"]
[WhiteElo "1345"]
[BlackElo "1261"]
[PlyCount "56"]
[EventDate "2019.??.??"]
[WhiteTeam "SC Bad Soden"]
[BlackTeam "SV Oberursel"]

1. e4 e5 2. Nf3 Nc6 3. Bc4 Bc5 4. Nc3 Nf6 5. d3 h6 6. Bd2 d6 7. Qe2 Bg4 8. h3
Nd4 9. Qd1 Nxf3+ 10. gxf3 Be6 11. Bxe6 fxe6 12. Qe2 Qe7 13. O-O-O O-O 14. Rdg1
Kh8 15. f4 Nd7 16. fxe5 Rxf2 17. Qh5 Rxd2 18. Kxd2 Bxg1 19. Rxg1 Nxe5 20. Ne2
Rf8 21. d4 Nf3+ 22. Kd1 Nxg1 23. Ke1 Nxe2 24. Kxe2 Qg5 25. Qxg5 hxg5 26. c3 Rf4
27. Ke3 Rh4 28. Kf2 Rxh3 0-1

[Event "Youth Classic 2019 - Youth Open U14"]
[Site "Bad Soden, Hasselgrundhalle"]
[Date "2019.10.05"]
[Round "7.23"]
[White "Barthel, Jacob"]
[Black "Meinecke, Isabella"]
[Result "1/2-1/2"]
[WhiteElo "1160"]
[BlackElo "800"]
[PlyCount "93"]
[EventDate "2019.??.??"]
[WhiteTeam "SV Hellas Nauen"]
[BlackTeam "SV Turm Sankt Augustin"]

1. d4 d5 2. Nf3 Nc6 3. Bf4 Nf6 4. e3 Bg4 5. Nbd2 Ne4 6. Be2 Nxd2 7. Qxd2 e6 8.
h3 Bh5 9. g4 Bg6 10. Bb5 a6 11. Bxc6+ bxc6 12. Ne5 c5 13. h4 f6 14. Nxg6 hxg6
15. Bg3 c4 16. Qa5 Bd6 17. Bxd6 cxd6 18. Qxd8+ Rxd8 19. Kd2 Ke7 20. Rag1 e5 21.
Kc3 a5 22. f3 Rc8 23. f4 Kf7 24. Rf1 Rc7 25. fxe5 dxe5 26. dxe5 Ke6 27. exf6
gxf6 28. Re1 Ke5 29. Ref1 Rch7 30. h5 gxh5 31. gxh5 Rxh5 32. Rxh5+ Rxh5 33. e4
dxe4 34. Kxc4 e3 35. Kd3 Rh3 36. Re1 Kf4 37. Rf1+ Rf3 38. Re1 Kg3 39. Rxe3
Rxe3+ 40. Kxe3 f5 41. Ke2 Kg2 42. Ke3 Kg3 43. Ke2 f4 44. Kf1 Kf3 45. c4 Ke4 46.
Kf2 Kd4 47. b3 1/2-1/2